000 00707cam a2200205 a 4500
005 20180803170330.0
008 990830q19900000ck spa d
040 _aCO-BoPUJ
_cCO-BoIAVH
_dCO-BoIAVH
041 0 _aspa
044 _ack
090 _aFG-
_b0056
110 1 _aColombia.
_bMinisterio del Medio Ambiente
245 1 0 _aSabanas Naturales
_cMinisterio del Medio Ambiente
260 _aSantafe de Bogotá :
_bEl Ministerio,
_c1990.
300 _a1 plegable :
_bilustraciones y mapas ;
_c28 x 21 cm.
504 _aIncluye referencias bibliográficas
_b5
650 2 4 _aSabanas naturales
_zColombia
650 2 6 _aSabanas naturales
_xconservación
_zColombia
942 _2z
_cFolleto
999 _c19016
_d19016